Continuum companion research methods in applied linguistics
Salvato in:
| Altri autori: | , |
|---|---|
| Natura: | Libro |
| Lingua: | inglese |
| Pubblicazione: |
Londres
Continuum
2010
|
| Edizione: | 1a. ed |
| Soggetti: | |
| Tags: |
Aggiungi Tag
Nessun Tag, puoi essere il primo ad aggiungerne!!
|
MARC
| LEADER | 00000cam a2200000 a 4500 | ||
|---|---|---|---|
| 001 | UCC3612 | ||
| 003 | CL-VaPUC | ||
| 005 | 20230301115223.0 | ||
| 008 | 180531e20100000uk |||||||||||||||||eng|d | ||
| 999 | |c 371305 |d 371303 | ||
| 020 | |a 9780826499257 | ||
| 040 | |c Pontificia Universidad Católica de Valparaíso | ||
| 082 | 0 | 4 | |a 418.0072 |b PAL |2 21 |
| 100 | |a Paltridge, Brian |e editor |9 597669 | ||
| 245 | 1 | 0 | |a Continuum companion research methods in applied linguistics |
| 250 | |a 1a. ed | ||
| 260 | |a Londres |b Continuum |c 2010 | ||
| 300 | |a 370 p | ||
| 583 | |a last modification |c 20180531 16:15:00 |k Rodrigo Vera | ||
| 650 | 0 | |a Lingüística aplicada |9 313266 | |
| 650 | 7 | |a METODOLOGIA DE LAS CIENCIAS SOCIALES |2 CL-VaPUC |9 519156 | |
| 700 | |a Phakiti, Aek |e editor |9 880325 | ||
| 942 | |c BK |2 ddc | ||
| 945 | |d 20180531 16:15:00 |a dcastane | ||